L'Irlande en images - Statistiques

Statistiques générales
  • Ce quiz a été pris 721 fois
  • Le résultat moyen est 12 sur 18
Statistiques - réponses
Par images Hint Réponse % Correct
Végétal Trèfle
99%
Ville Dublin
98%
Instrument Harpe
96%
Fête Saint-Patrick
96%
Type d'établissement Pub
89%
Bière Guinness
86%
Langue Gaélique irlandais
78%
Compagnie aérienne Ryanair
67%
Groupe U2
67%
Evènement historique Grande famine irlandaise
65%
Créature Leprechaun
59%
Ville Cork
54%
Région Connemara
52%
Acteur Pierce Brosnan
40%
Etendue d'eau Mer d'Irlande
39%
Auteur Oscar Wilde
37%
Province Munster
30%
Dramaturge Samuel Beckett
17%
Aucun quiz correspondant
Distribution des résultats
% des personnes avec chaque résultat
Percentile par nombre de réponses
Votre historique - résultats
Vous n’avez pas pris ce quiz